[Event "Kupreichik Memorial Open 2018"]
[Site "Minsk"]
[Date "2018.06.23"]
[Round "9"]
[White "Tyurin, Artem"]
[Black "Shevchenko, Kirill"]
[Result "0-1"]
[WhiteElo "1855"]
[BlackElo "2554"]
[Annotator "TA"]
[PlyCount "74"]
[EventDate "2018.06.21"]
[EventCountry "BLR"]
[SourceTitle "playchess.com"]
[Source "ChessBase"]
[SourceQuality "1"]

{[%evp 27,74,22,76,3,1,18,42,32,52,9,18,-4,13,14,12,-40,-32,-54,-16,-24,0,0,24,0,98,-11,-16,-18,88,78,68,-89,-93,-292,-271,-1035,-558,-1073,-395,-29988,0,-804,-67,-29993,-29994,-29994,-29995,-29995,-29996]} 1. e4 c5 2. Nc3 d6 3. Nf3 a6 4. d4 cxd4 5. Nxd4 Nf6 6. Bc4 b5 7. Bb3 e6 8. O-O Be7 9. Qf3 Qb6 10. Be3 Qb7 11. Qg3 O-O 12. Bh6 Ne8 13. Rad1 Bd7 {B87: Sicilian Scheveningen/Najdorf: 6 Bc4, with early ...b5} 14. Rfe1 Nc6 {[#] LiveBook: 7 Games} (14... Bf6 $11) (14... Bf6 15. Bg5 Bxg5 16. Qxg5 Nc6 17. a3 h6 18. Qe3 Rc8 19. f4 Nxd4 20. Rxd4 Bc6 21. h3 {1-0 (55) Vachier Lagrave,M (2758)-Wojtaszek,R (2744) Beijing 2014}) 15. Nf3 $146 (15. Nd5 $1 $16) ({Predecessor:} 15. Nd5 Bd8 16. Nf5 exf5 17. exf5 Bxf5 18. Rxe8 Bg6 19. Rxf8+ Kxf8 20. Qxd6+ Kg8 21. Re1 Ba5 22. Nf6+ Kh8 23. c3 Bc7 24. Re8+ Rxe8 25. Bxg7+ Kxg7 26. Nxe8+ {1-0 (26) Kulaots,K (2566)-Agopov,M (2445) Finland 2016}) 15... Bf6 $11 {The position is equal.} 16. Bg5 Bxc3 17. bxc3 Kh8 18. Bf4 e5 $1 {[%cal Re5f4]} 19. Bg5 Be6 20. Bxe6 fxe6 21. Nh4 (21. Qh3 $11) 21... Kg8 $15 22. Re3 Ra7 23. Qg4 Qd7 (23... Qc8 {is more complex.} 24. Qh5 Qd7 25. Rh3 Qf7 26. Qe2 Ra8) 24. Rh3 Na5 25. Nf3 {Nxe5! is the strong threat.} Qf7 (25... Nc4 $1 $11 {remains equal.}) 26. Be3 ({White should try} 26. Bd8 $1 $16 {[%cal Rd8a5]} Nf6 27. Bxf6 Qxf6 28. Rxd6) 26... Nf6 $11 27. Qh4 Re7 (27... Rd7 $11) 28. Rxd6 $16 ({Reject} 28. Ng5 $6 Qg6 $11) 28... Nc4 29. Ng5 $2 ({Much weaker is} 29. Rxa6 Rd7 $15) (29. Rd3 $1 $14 {stays ahead.} Rc8 30. Bg5) 29... Qg6 $1 $17 30. Rxe6 $2 (30. Rd3 $17 {might work better.} h6 31. Nf3) 30... Rd7 $19 {[%cal Rd7d1]} 31. g3 $2 (31. Bd4 exd4 32. cxd4) 31... h6 32. Nf3 Qf7 $2 (32... Rd1+ 33. Kg2 Nxe3+ 34. fxe3 Rc1) 33. Ng5 $2 {[#]} (33. Rxf6 $19 Qxf6 34. Qxf6 Rxf6 35. Kg2) 33... Qg6 (33... Nxe3 $142 $1 {[%mdl 512]} 34. fxe3 Rd1+ 35. Kg2 Qd7 36. Rd6 Rxd6 37. Nf3 Ng4 38. Qd8 {[#]} Rd2+ $1 {[%mdl 512]} 39. Kg1 Qxd8 40. Rh4 Rxf3 41. Rxg4 Rxc2 42. Rxg7+ Kxg7 43. h4 Qd1#) 34. Nf3 $1 Qxe4 $2 $40 {[%mdl 128] Black has some attack.} (34... Nxe3 $19 35. fxe3 Rd1+ 36. Kg2 Rc1) 35. Rxf6 $4 {[%mdl 8192]} (35. Qxe4 $15 Nxe4 36. Rh4) 35... Rd1+ {Black mates.} 36. Kg2 Nxe3+ 37. fxe3 Qxc2+ {Precision: White = 19%, Black = 28%.} 0-1

[Event "Kupreichik Memorial Open 2018"]
[Site "Minsk"]
[Date "2018.06.23"]
[Round "9"]
[White "Korniichuk, Oleksandra"]
[Black "Drobyshevsky, Vasily"]
[Result "1/2-1/2"]
[WhiteElo "1740"]
[BlackElo "1551"]
[Annotator "NA"]
[PlyCount "112"]
[EventDate "2018.06.21"]
[EventCountry "BLR"]
[SourceTitle "playchess.com"]
[Source "ChessBase"]
[SourceQuality "1"]
[TimeControl "900+10"]

1. e4 {[%emt 0:00:00]} d5 {[%emt 0:00:01]} 2. exd5 {[%emt 0:00:00]} Qxd5 {[%emt 0:00:01]} 3. Nc3 {[%emt 0:00:00]} Qe5+ {[%emt 0:00:01]} 4. Qe2 {[%emt 0:00:09]} Qxe2+ {[%emt 0:00:02]} 5. Bxe2 {[%emt 0:00:13]} Bf5 {[%emt 0:00:02]} 6. d3 {[%emt 0:00:05]} c6 {[%emt 0:00:01]} 7. Nf3 {[%emt 0:00:11]} h6 {[%emt 0:00:09]} 8. O-O {[%emt 0:00:16]} e6 {[%emt 0:00:02]} 9. Bf4 {[%emt 0:00:06]} Nd7 {[%emt 0:00:03]} 10. Rfe1 {[%emt 0:00:17]} Ngf6 {[%emt 0:00:03]} 11. Ne5 {[%emt 0:01:21]} Nxe5 {[%emt 0:00:03]} 12. Bxe5 {[%emt 0:00:02]} Be7 {[%emt 0:00:02]} 13. Bf3 {[%emt 0:00:09]} O-O {[%emt 0:00:08]} 14. Ne4 {[%emt 0:00:20]} Nxe4 {[%emt 0:00:14]} 15. Bxe4 {[%emt 0:00:25]} Bxe4 {[%emt 0:00:02]} 16. Rxe4 {[%emt 0:00:15]} Rad8 {[%emt 0:00:28]} 17. Bc3 {[%emt 0:01:12]} Rd5 {[%emt 0:00:40]} 18. Rae1 {[%emt 0:00:12]} Bc5 {[%emt 0:01:19]} 19. Re5 {[%emt 0:01:22]} Rfd8 {[%emt 0:00:43]} 20. g3 {[%emt 0:01:01]} Rxe5 {[%emt 0:00:53]} 21. Rxe5 {[%emt 0:00:03]} Rd5 {[%emt 0:01:17]} 22. Kg2 {[%emt 0:00:13]} Rxe5 {[%emt 0:00:33]} 23. Bxe5 {[%emt 0:00:02]} f6 {[%emt 0:00:20]} 24. Bc3 {[%emt 0:00:05]} Kf7 {[%emt 0:00:02]} 25. f4 {[%emt 0:00:21]} f5 {[%emt 0:00:13]} 26. Kf3 {[%emt 0:00:22]} g6 {[%emt 0:00:10]} 27. d4 {[%emt 0:01:02]} Bb6 {[%emt 0:00:26]} 28. Ke3 {[%emt 0:00:11]} Ke7 {[%emt 0:00:04]} 29. Bb4+ {[%emt 0:00:21]} Kd7 {[%emt 0:00:03]} 30. c4 {[%emt 0:00:16]} Bd8 {[%emt 0:00:28]} 31. Kd3 {[%emt 0:00:15]} h5 {[%emt 0:00:21]} 32. Be1 {[%emt 0:00:11]} Be7 {[%emt 0:00:05]} 33. Ke3 {[%emt 0:03:27]} a6 {[%emt 0:01:12]} 34. Kf3 {[%emt 0:00:11]} Bf6 {[%emt 0:00:05]} 35. Bf2 {[%emt 0:00:07]} c5 {[%emt 0:01:35]} 36. Ke2 {[%emt 0:00:47]} cxd4 {[%emt 0:00:28]} 37. Kd3 {[%emt 0:00:02]} e5 {[%emt 0:00:30]} 38. fxe5 {[%emt 0:00:02]} Bxe5 {[%emt 0:00:02]} 39. Bxd4 {[%emt 0:00:09]} Bb8 {[%emt 0:01:05]} 40. b4 {[%emt 0:00:56]} f4 {[%emt 0:00:41]} 41. gxf4 {[%emt 0:00:39]} Bxf4 {[%emt 0:00:02]} 42. h3 {[%emt 0:00:03]} Ke6 {[%emt 0:00:04]} 43. Ke4 {[%emt 0:00:07]} Bd6 {[%emt 0:00:19]} 44. c5 {[%emt 0:00:13]} Be7 {[%emt 0:00:02]} 45. a4 {[%emt 0:00:10]} g5 {[%emt 0:00:28]} 46. b5 {[%emt 0:01:56]} axb5 {[%emt 0:00:05]} 47. axb5 {[%emt 0:00:03]} g4 {[%emt 0:00:02]} 48. hxg4 {[%emt 0:00:06]} hxg4 {[%emt 0:00:01]} 49. c6 {[%emt 0:01:03]} bxc6 {[%emt 0:00:06]} 50. bxc6 {[%emt 0:00:24]} g3 {[%emt 0:00:23]} 51. Be5 {[%emt 0:00:36]} g2 {[%emt 0:00:10]} 52. Bh2 {[%emt 0:00:11]} Bd6 {[%emt 0:00:18]} 53. Kf3 {[%emt 0:00:02]} Bxh2 {[%emt 0:00:32]} 54. Kxg2 {[%emt 0:00:03]} Bc7 {[%emt 0:00:02]} 55. Kf3 {[%emt 0:00:02]} Kd5 {[%emt 0:00:01]} 56. Ke3 {[%emt 0:00:03]} Kxc6 {[%emt 0:00:01]} 1/2-1/2

[Event "Kupreichik Memorial Open 2018"]
[Site "Minsk"]
[Date "2018.06.23"]
[Round "9"]
[White "Tsvetkova, Vladislava"]
[Black "Shvedau, Mikhail"]
[Result "0-1"]
[WhiteElo "1697"]
[BlackElo "1653"]
[Annotator "NA"]
[PlyCount "90"]
[EventDate "2018.06.21"]
[EventCountry "BLR"]
[SourceTitle "playchess.com"]
[Source "ChessBase"]
[SourceQuality "1"]
[TimeControl "900+10"]

1. e4 {[%emt 0:00:00]} e6 {[%emt 0:00:03]} 2. d4 {[%emt 0:00:00]} d5 {[%emt 0:00:00]} 3. e5 {[%emt 0:00:00]} c5 {[%emt 0:00:01]} 4. Qg4 {[%emt 0:00:00]} cxd4 {[%emt 0:00:23]} 5. Nf3 {[%emt 0:00:00]} Nc6 {[%emt 0:00:05]} 6. Bd3 {[%emt 0:00:00]} Nge7 {[%emt 0:00:16]} 7. O-O {[%emt 0:00:10]} Ng6 {[%emt 0:00:02]} 8. Re1 {[%emt 0:00:22]} Be7 {[%emt 0:00:16]} 9. g3 {[%emt 0:02:53]} Bd7 {[%emt 0:01:05]} 10. h4 {[%emt 0:00:19]} h5 {[%emt 0:00:10]} 11. Qh3 {[%emt 0:00:06]} Qc7 {[%emt 0:00:04]} 12. Bxg6 {[%emt 0:00:27]} fxg6 {[%emt 0:00:04]} 13. Na3 {[%emt 0:01:16]} O-O-O {[%emt 0:00:45]} 14. Nb5 {[%emt 0:00:56]} Qb6 {[%emt 0:00:05]} 15. a4 {[%emt 0:00:57]} Rhf8 {[%emt 0:00:35]} 16. Ng5 {[%emt 0:02:13]} Rf5 {[%emt 0:00:24]} 17. f4 {[%emt 0:01:40]} a6 {[%emt 0:00:51]} 18. Nd6+ {[%emt 0:00:51]} Bxd6 {[%emt 0:00:23]} 19. exd6 {[%emt 0:00:06]} Re8 {[%emt 0:00:30]} 20. Qg2 {[%emt 0:00:50]} Na5 {[%emt 0:00:58]} 21. b4 {[%emt 0:02:21]} Nc4 {[%emt 0:00:19]} 22. Kh2 {[%emt 0:01:07]} Qxd6 {[%emt 0:00:59]} 23. Ba3 {[%emt 0:01:06]} Qc7 {[%emt 0:00:52]} 24. Nf3 {[%emt 0:00:31]} Ne3 {[%emt 0:01:04]} 25. Qd2 {[%emt 0:00:28]} Ng4+ {[%emt 0:00:48]} 26. Kg2 {[%emt 0:00:07]} e5 {[%emt 0:00:32]} 27. fxe5 {[%emt 0:00:17]} Ne3+ {[%emt 0:00:13]} 28. Rxe3 {[%emt 0:00:09]} dxe3 {[%emt 0:00:10]} 29. Qxe3 {[%emt 0:00:05]} Ref8 {[%emt 0:00:35]} 30. e6 {[%emt 0:00:09]} Rxf3 {[%emt 0:00:27]} 31. exd7+ {[%emt 0:00:06]} Kxd7 {[%emt 0:00:03]} 32. Qg5 {[%emt 0:00:21]} Qxc2+ {[%emt 0:00:32]} 33. Kh3 {[%emt 0:00:03]} Qf5+ {[%emt 0:00:10]} 34. Qxf5+ {[%emt 0:00:10]} gxf5 {[%emt 0:00:24]} 35. Bb2 {[%emt 0:00:18]} g6 {[%emt 0:00:07]} 36. Be5 {[%emt 0:00:05]} Rc8 {[%emt 0:00:04]} 37. Rd1 {[%emt 0:00:05]} Ke6 {[%emt 0:00:08]} 38. Re1 {[%emt 0:00:10]} Rc4 {[%emt 0:00:12]} 39. Bd4+ {[%emt 0:00:16]} Kd7 {[%emt 0:00:11]} 40. Bc5 {[%emt 0:00:03]} Re4 {[%emt 0:00:06]} 41. Rd1 {[%emt 0:00:04]} Ke6 {[%emt 0:00:04]} 42. Rc1 {[%emt 0:00:02]} d4 {[%emt 0:00:37]} 43. Bf8 {[%emt 0:00:05]} Rc3 {[%emt 0:00:09]} 44. Rd1 {[%emt 0:00:06]} d3 {[%emt 0:00:03]} 45. Bg7 {[%emt 0:00:03]} Rb3 {[%emt 0:00:05]} 0-1

[Event "Kupreichik Memorial Open 2018"]
[Site "Minsk"]
[Date "2018.06.23"]
[Round "9"]
[White "Tarasenka, Aliaksandra"]
[Black "Kaliadzich, Maryia"]
[Result "1-0"]
[WhiteElo "1682"]
[BlackElo "2021"]
[Annotator "NA"]
[PlyCount "81"]
[EventDate "2018.06.21"]
[EventCountry "BLR"]
[SourceTitle "playchess.com"]
[Source "ChessBase"]
[SourceQuality "1"]
[TimeControl "900+10"]

1. e4 {[%emt 0:00:00]} c5 {[%emt 0:00:08]} 2. c3 {[%emt 0:00:00]} d5 {[%emt 0:00:02]} 3. exd5 {[%emt 0:00:00]} Qxd5 {[%emt 0:00:02]} 4. d4 {[%emt 0:00:00]} Nf6 {[%emt 0:00:04]} 5. Nf3 {[%emt 0:00:09]} Bg4 {[%emt 0:00:02]} 6. Qa4+ {[%emt 0:00:12]} Bd7 {[%emt 0:04:52]} 7. Qb3 {[%emt 0:00:30]} e6 {[%emt 0:01:07]} 8. Bc4 {[%emt 0:01:22]} Qe4+ {[%emt 0:01:24]} 9. Be3 {[%emt 0:00:19]} Bc6 {[%emt 0:01:03]} 10. Nbd2 {[%emt 0:02:12]} Qg4 {[%emt 0:00:13]} 11. O-O-O {[%emt 0:03:37]} Nbd7 {[%emt 0:01:26]} 12. h3 {[%emt 0:00:53]} Qg6 {[%emt 0:00:05]} 13. g4 {[%emt 0:01:36]} Nd5 {[%emt 0:02:34]} 14. Bxd5 {[%emt 0:02:07]} exd5 {[%emt 0:01:11]} 15. Nh4 {[%emt 0:01:47]} Qf6 {[%emt 0:00:34]} 16. Rhe1 {[%emt 0:00:29]} O-O-O {[%emt 0:00:37]} 17. Ndf3 {[%emt 0:01:36]} c4 {[%emt 0:00:39]} 18. Qc2 {[%emt 0:00:08]} h6 {[%emt 0:00:44]} 19. g5 {[%emt 0:00:19]} Qd6 {[%emt 0:00:15]} 20. Nf5 {[%emt 0:00:05]} Qc7 {[%emt 0:00:10]} 21. gxh6 {[%emt 0:00:18]} g6 {[%emt 0:00:27]} 22. Ng7 {[%emt 0:00:13]} Qa5 {[%emt 0:00:12]} 23. b3 {[%emt 0:00:41]} Bxg7 {[%emt 0:00:44]} 24. hxg7 {[%emt 0:00:04]} Rh7 {[%emt 0:00:03]} 25. Ng5 {[%emt 0:00:17]} Rxg7 {[%emt 0:00:02]} 26. Bf4 {[%emt 0:00:11]} cxb3 {[%emt 0:00:10]} 27. axb3 {[%emt 0:00:04]} Bb5 {[%emt 0:00:30]} 28. Kb2 {[%emt 0:00:14]} Qb6 {[%emt 0:00:07]} 29. Re3 {[%emt 0:00:16]} a5 {[%emt 0:00:20]} 30. Rde1 {[%emt 0:00:04]} a4 {[%emt 0:00:03]} 31. b4 {[%emt 0:00:01]} Qa6 {[%emt 0:00:04]} 32. Ka3 {[%emt 0:00:02]} Bc6 {[%emt 0:00:06]} 33. Re7 {[%emt 0:00:14]} Qb6 {[%emt 0:00:16]} 34. Nxf7 {[%emt 0:00:00]} Rxf7 {[%emt 0:00:07]} 35. Rxf7 {[%emt 0:00:00]} Qb5 {[%emt 0:00:10]} 36. Qe2 {[%emt 0:00:27]} Qb6 {[%emt 0:00:13]} 37. Qe6 {[%emt 0:00:15]} Qb5 {[%emt 0:00:22]} 38. Qd6 {[%emt 0:00:08]} Qb6 {[%emt 0:00:03]} 39. Ree7 {[%emt 0:00:16]} Bb5 {[%emt 0:00:14]} 40. Qb8+ {[%emt 0:00:13]} Nxb8 {[%emt 0:00:04]} 41. Rc7+ {[%emt 0:00:01]} 1-0

[Event "Kupreichik Memorial Open 2018"]
[Site "Minsk"]
[Date "2018.06.23"]
[Round "9"]
[White "Sukalina, Alina"]
[Black "Korniichuk, Fedir"]
[Result "1-0"]
[WhiteElo "1673"]
[BlackElo "1568"]
[Annotator "NA"]
[PlyCount "71"]
[EventDate "2018.06.21"]
[EventCountry "BLR"]
[SourceTitle "playchess.com"]
[Source "ChessBase"]
[SourceQuality "1"]
[TimeControl "900+10"]

1. d4 {[%emt 0:00:00]} Nf6 {[%emt 0:00:03]} 2. c4 {[%emt 0:00:00]} e6 {[%emt 0:00:03]} 3. Nf3 {[%emt 0:00:00]} d5 {[%emt 0:00:07]} 4. Nc3 {[%emt 0:00:05]} Be7 {[%emt 0:00:18]} 5. Bg5 {[%emt 0:00:10]} O-O {[%emt 0:00:06]} 6. e3 {[%emt 0:00:02]} c6 {[%emt 0:00:16]} 7. Bd3 {[%emt 0:00:12]} Nbd7 {[%emt 0:00:13]} 8. Qc2 {[%emt 0:00:16]} h6 {[%emt 0:00:08]} 9. Bf4 {[%emt 0:00:14]} Nb6 {[%emt 0:00:30]} 10. c5 {[%emt 0:01:44]} Nbd7 {[%emt 0:00:17]} 11. O-O {[%emt 0:00:25]} Re8 {[%emt 0:00:33]} 12. h3 {[%emt 0:00:13]} Bf8 {[%emt 0:00:26]} 13. b4 {[%emt 0:00:19]} Nh5 {[%emt 0:02:30]} 14. Bh2 {[%emt 0:00:28]} g6 {[%emt 0:00:39]} 15. b5 {[%emt 0:00:50]} Bg7 {[%emt 0:00:38]} 16. bxc6 {[%emt 0:03:43]} bxc6 {[%emt 0:00:02]} 17. e4 {[%emt 0:00:11]} Nhf6 {[%emt 0:02:05]} 18. Rab1 {[%emt 0:01:22]} dxe4 {[%emt 0:02:14]} 19. Nxe4 {[%emt 0:00:03]} Nxe4 {[%emt 0:01:56]} 20. Bxe4 {[%emt 0:00:02]} a5 {[%emt 0:00:32]} 21. Bxc6 {[%emt 0:00:14]} Ra6 {[%emt 0:00:07]} 22. Bb5 {[%emt 0:00:08]} Ra8 {[%emt 0:00:04]} 23. c6 {[%emt 0:00:13]} Nf6 {[%emt 0:01:26]} 24. c7 {[%emt 0:00:04]} Qe7 {[%emt 0:00:06]} 25. Bxe8 {[%emt 0:00:07]} Nxe8 {[%emt 0:00:05]} 26. Rb8 {[%emt 0:00:10]} Nxc7 {[%emt 0:01:03]} 27. Rxa8 {[%emt 0:00:08]} Nxa8 {[%emt 0:01:23]} 28. Qxc8+ {[%emt 0:00:02]} Kh7 {[%emt 0:00:09]} 29. Qxa8 {[%emt 0:00:12]} Qd7 {[%emt 0:01:14]} 30. Qxa5 {[%emt 0:00:06]} Qe8 {[%emt 0:00:06]} 31. Ne5 {[%emt 0:00:05]} Qe7 {[%emt 0:00:15]} 32. Qb5 {[%emt 0:00:06]} Qf8 {[%emt 0:00:18]} 33. Qd7 {[%emt 0:00:05]} Bxe5 {[%emt 0:00:19]} 34. Bxe5 {[%emt 0:00:03]} h5 {[%emt 0:00:20]} 35. a4 {[%emt 0:00:04]} h4 {[%emt 0:00:11]} 36. Rc1 {[%emt 0:00:03]} 1-0

[Event "Kupreichik Memorial Open 2018"]
[Site "Minsk"]
[Date "2018.06.23"]
[Round "9"]
[White "Bezenson, Anton"]
[Black "Mialik, Uladzislau"]
[Result "0-1"]
[WhiteElo "1621"]
[BlackElo "1768"]
[Annotator "NA"]
[PlyCount "93"]
[EventDate "2018.06.21"]
[EventCountry "BLR"]
[SourceTitle "playchess.com"]
[Source "ChessBase"]
[SourceQuality "1"]
[TimeControl "900+10"]

1. Nf3 {[%emt 0:00:00]} c5 {[%emt 0:00:05]} 2. c4 {[%emt 0:00:00]} g6 {[%emt 0:00:04]} 3. Nc3 {[%emt 0:00:03]} Bg7 {[%emt 0:00:02]} 4. d4 {[%emt 0:00:03]} cxd4 {[%emt 0:00:27]} 5. Nxd4 {[%emt 0:00:02]} Nc6 {[%emt 0:00:08]} 6. Nc2 {[%emt 0:00:02]} Nf6 {[%emt 0:00:26]} 7. g3 {[%emt 0:00:15]} O-O {[%emt 0:00:12]} 8. Bg2 {[%emt 0:00:16]} d6 {[%emt 0:00:25]} 9. O-O {[%emt 0:00:16]} Be6 {[%emt 0:01:42]} 10. Ne3 {[%emt 0:01:34]} Qd7 {[%emt 0:02:22]} 11. b3 {[%emt 0:02:39]} Ng4 {[%emt 0:01:32]} 12. Qd3 {[%emt 0:06:21]} Nb4 {[%emt 0:02:00]} 13. Qd2 {[%emt 0:00:08]} Nxe3 {[%emt 0:00:05]} 14. fxe3 {[%emt 0:00:08]} Bh3 {[%emt 0:01:00]} 15. Bb2 {[%emt 0:00:39]} Bxg2 {[%emt 0:00:22]} 16. Kxg2 {[%emt 0:00:03]} Rac8 {[%emt 0:01:14]} 17. a3 {[%emt 0:00:51]} Nc6 {[%emt 0:00:15]} 18. Nd5 {[%emt 0:00:27]} Ne5 {[%emt 0:00:28]} 19. Bxe5 {[%emt 0:02:03]} Bxe5 {[%emt 0:00:10]} 20. Rad1 {[%emt 0:00:27]} Bg7 {[%emt 0:00:24]} 21. Qd3 {[%emt 0:00:17]} Qe6 {[%emt 0:01:19]} 22. Rf3 {[%emt 0:00:28]} Rc5 {[%emt 0:01:13]} 23. Rdf1 {[%emt 0:00:31]} b5 {[%emt 0:00:37]} 24. Nf4 {[%emt 0:00:39]} Qd7 {[%emt 0:00:04]} 25. cxb5 {[%emt 0:00:24]} Rxb5 {[%emt 0:00:28]} 26. a4 {[%emt 0:00:12]} Rc5 {[%emt 0:00:23]} 27. Nd5 {[%emt 0:00:08]} Qe6 {[%emt 0:00:33]} 28. Nf4 {[%emt 0:00:24]} Qe5 {[%emt 0:00:15]} 29. b4 {[%emt 0:00:13]} Rc3 {[%emt 0:00:13]} 30. Qd2 {[%emt 0:00:05]} Qe4 {[%emt 0:00:53]} 31. Nd3 {[%emt 0:00:10]} f5 {[%emt 0:00:14]} 32. Kg1 {[%emt 0:00:11]} Rfc8 {[%emt 0:00:09]} 33. Rf4 {[%emt 0:00:12]} Qe6 {[%emt 0:00:10]} 34. Rc1 {[%emt 0:00:08]} Rxc1+ {[%emt 0:00:14]} 35. Nxc1 {[%emt 0:00:02]} Bh6 {[%emt 0:00:18]} 36. Rf3 {[%emt 0:00:04]} Rc4 {[%emt 0:00:11]} 37. Nd3 {[%emt 0:00:10]} Qe4 {[%emt 0:00:19]} 38. Kf2 {[%emt 0:00:17]} Qc6 {[%emt 0:00:11]} 39. Nf4 {[%emt 0:00:17]} Rc2 {[%emt 0:00:19]} 40. Qd5+ {[%emt 0:00:06]} Qxd5 {[%emt 0:00:02]} 41. Nxd5 {[%emt 0:00:03]} e6 {[%emt 0:00:10]} 42. Nf4 {[%emt 0:00:10]} e5 {[%emt 0:00:17]} 43. Nd5 {[%emt 0:00:26]} e4 {[%emt 0:00:12]} 44. Rf4 {[%emt 0:00:11]} Bxf4 {[%emt 0:00:04]} 45. exf4 {[%emt 0:00:10]} Kf7 {[%emt 0:00:05]} 46. Ke3 {[%emt 0:00:11]} Ke6 {[%emt 0:00:06]} 47. Kf2 0-1

[Event "Kupreichik Memorial Open 2018"]
[Site "Minsk"]
[Date "2018.06.23"]
[Round "9"]
[White "Tkachou, Pavel"]
[Black "Rybakova, Polina"]
[Result "0-1"]
[WhiteElo "1535"]
[BlackElo "1826"]
[Annotator "NA"]
[PlyCount "90"]
[EventDate "2018.06.21"]
[EventCountry "BLR"]
[SourceTitle "playchess.com"]
[Source "ChessBase"]
[SourceQuality "1"]
[TimeControl "900+10"]

1. d4 {[%emt 0:00:00]} Nf6 {[%emt 0:00:03]} 2. Nf3 {[%emt 0:00:00]} g6 {[%emt 0:00:03]} 3. g3 {[%emt 0:00:00]} Bg7 {[%emt 0:00:01]} 4. Bg2 {[%emt 0:00:00]} O-O {[%emt 0:00:24]} 5. c4 {[%emt 0:00:00]} e6 {[%emt 0:00:16]} 6. Nc3 {[%emt 0:00:00]} d5 {[%emt 0:00:09]} 7. O-O {[%emt 0:00:06]} Ne4 {[%emt 0:01:38]} 8. Nd2 {[%emt 0:02:43]} Nxd2 {[%emt 0:02:53]} 9. Qxd2 {[%emt 0:00:18]} dxc4 {[%emt 0:00:09]} 10. Rd1 {[%emt 0:00:41]} c6 {[%emt 0:01:13]} 11. e4 {[%emt 0:00:36]} Nd7 {[%emt 0:02:54]} 12. d5 {[%emt 0:00:15]} cxd5 {[%emt 0:00:58]} 13. exd5 {[%emt 0:00:02]} exd5 {[%emt 0:00:58]} 14. Bxd5 {[%emt 0:00:09]} Qc7 {[%emt 0:01:55]} 15. Qe2 {[%emt 0:02:20]} Nb6 {[%emt 0:01:53]} 16. Bf4 {[%emt 0:00:49]} Qc5 {[%emt 0:00:37]} 17. Bf3 {[%emt 0:02:55]} Bf5 {[%emt 0:01:33]} 18. Bd6 {[%emt 0:00:08]} Qa5 {[%emt 0:00:20]} 19. Bxf8 {[%emt 0:00:20]} Rxf8 {[%emt 0:00:01]} 20. Qd2 {[%emt 0:01:36]} h5 {[%emt 0:00:11]} 21. h4 {[%emt 0:00:41]} Kh7 {[%emt 0:00:01]} 22. Nd5 {[%emt 0:00:58]} Qxd2 {[%emt 0:00:13]} 23. Rxd2 {[%emt 0:00:02]} Nxd5 {[%emt 0:00:03]} 24. Bxd5 {[%emt 0:00:15]} c3 {[%emt 0:00:02]} 25. bxc3 {[%emt 0:01:56]} Bxc3 {[%emt 0:00:02]} 26. Rad1 {[%emt 0:00:36]} Bxd2 {[%emt 0:00:14]} 27. Rxd2 {[%emt 0:00:01]} Rd8 {[%emt 0:00:11]} 28. Rd1 {[%emt 0:00:33]} Bc2 {[%emt 0:00:25]} 29. Rc1 {[%emt 0:00:09]} Rxd5 {[%emt 0:00:15]} 30. Rxc2 Rd7 {[%emt 0:00:00]} 31. Kf1 {[%emt 0:00:02]} Kg7 {[%emt 0:00:01]} 32. Ke2 {[%emt 0:00:01]} f6 {[%emt 0:00:08]} 33. Ke3 {[%emt 0:00:13]} g5 {[%emt 0:00:08]} 34. hxg5 {[%emt 0:00:24]} fxg5 {[%emt 0:00:04]} 35. f4 {[%emt 0:00:27]} Re7+ {[%emt 0:00:31]} 36. Kd4 {[%emt 0:00:11]} Kg6 {[%emt 0:00:21]} 37. Rc5 {[%emt 0:00:20]} gxf4 {[%emt 0:00:08]} 38. gxf4 {[%emt 0:00:01]} h4 {[%emt 0:00:16]} 39. Rg5+ {[%emt 0:00:05]} Kh6 {[%emt 0:00:07]} 40. Rb5 {[%emt 0:00:29]} b6 {[%emt 0:00:15]} 41. f5 {[%emt 0:00:19]} Kg5 {[%emt 0:00:13]} 42. f6+ {[%emt 0:01:02]} Kxf6 {[%emt 0:00:04]} 43. Rh5 {[%emt 0:00:02]} Rd7+ {[%emt 0:00:15]} 44. Kc4 {[%emt 0:00:00]} Rc7+ {[%emt 0:00:07]} 45. Kb5 {[%emt 0:00:01]} Rc5+ {[%emt 0:00:04]} 0-1

[Event "Kupreichik Memorial Open 2018"]
[Site "Minsk"]
[Date "2018.06.23"]
[Round "9"]
[White "Mialik, Artsiom"]
[Black "Uzlavataya, Anhelina"]
[Result "0-1"]
[WhiteElo "1432"]
[BlackElo "1925"]
[Annotator "NA"]
[PlyCount "33"]
[EventDate "2018.06.21"]
[EventCountry "BLR"]
[SourceTitle "playchess.com"]
[Source "ChessBase"]
[SourceQuality "1"]
[TimeControl "900+10"]

1. Nf3 {[%emt 0:00:00]} f5 {[%emt 0:00:02]} 2. d4 {[%emt 0:00:00]} Nf6 {[%emt 0:00:01]} 3. c4 {[%emt 0:00:00]} g6 {[%emt 0:00:02]} 4. Nc3 {[%emt 0:00:01]} Bg7 {[%emt 0:00:01]} 5. Bf4 {[%emt 0:00:16]} O-O {[%emt 0:00:05]} 6. e3 {[%emt 0:00:28]} d6 {[%emt 0:00:02]} 7. Bd3 {[%emt 0:00:10]} a6 {[%emt 0:00:11]} 8. Qc2 {[%emt 0:00:30]} Qe8 {[%emt 0:01:03]} 9. h3 {[%emt 0:00:30]} Nc6 {[%emt 0:00:35]} 10. Be2 {[%emt 0:00:27]} e5 {[%emt 0:00:12]} 11. dxe5 {[%emt 0:00:06]} dxe5 {[%emt 0:00:01]} 12. Bh2 {[%emt 0:00:18]} h6 {[%emt 0:01:15]} 13. Nh4 {[%emt 0:03:40]} Kh7 {[%emt 0:02:19]} 14. Rg1 {[%emt 0:01:43]} Qe7 {[%emt 0:00:47]} 15. g4 {[%emt 0:01:41]} Nb4 {[%emt 0:00:58]} 16. Qb1 {[%emt 0:01:54]} Ne4 17. gxf5 0-1